|
|
|
|
| LEADER |
00887nam a2200241 a 4500 |
| 001 |
1810559 |
| 008 |
790412r20041979nyu 000 1 eng d |
| 010 |
|
|
|a \\\79063809
|
| 020 |
|
|
|a 0394506820 :
|c $8.95
|
| 020 |
|
|
|a 9780099458357
|
| 020 |
|
|
|a 0099458357
|
| 040 |
|
|
|a DLC
|c DLC
|d DLC
|d BD-DhAAL
|
| 082 |
0 |
0 |
|a 813/.5/4
|2 22
|
| 100 |
1 |
|
|a Munro, Alice.
|
| 245 |
1 |
4 |
|a The beggar maid :
|b stories of Flo and Rose /
|c by Alice Munro.
|
| 260 |
|
|
|a London :
|b Vintage Books,
|c 1979 [reprinted 2004].
|
| 300 |
|
|
|a 210 p. ;
|c 20 cm.
|
| 500 |
|
|
|a First published in 1978 under title: Who do you think you are?
|
| 541 |
1 |
|
|e 00020292
|
| 650 |
|
0 |
|a Women
|x Fiction.
|
| 852 |
4 |
|
|a Ayesha Abed Library
|j General Shelf
|
| 999 |
|
|
|c 8686
|d 8686
|
| 952 |
|
|
|0 0
|1 0
|2 ddc
|4 0
|6 813_540000000000000_MUN_2004
|7 0
|9 10449
|a BRACUL
|b BRACUL
|c GEN
|d 2010-05-24
|l 13
|m 79
|o 813.54 MUN
|p 3010020292
|r 2024-09-28
|s 2024-03-19
|t 1
|w 2010-05-24
|y BK
|